000
00334nam a22001577a 4500
020
_a
81-8204-033-7
082
_a
641.8
_b
MAL
100
_a
MALIK, SANDEEP
245
_a
BASIC OF BAKING
250
_a
1ST
260
_a
DELHI
_b
AMAN
_c
2007
300
_a
296
650
_a
BEVERAGE AND COOKERY
653
_a
BAKINK
942
_2
ddc
_c
BK
_0
2
999
_c
8049
_d
8049